000 00800cam a2200241 4500500
005 20260405000352.0
041 _afre
042 _adc
100 1 0 _aMichaud, Yves
_eauthor
700 1 0 _aAgacinski, Sylviane
_eauthor
700 1 0 _aNancy, Jean-Luc
_eauthor
700 1 0 _aDiamant, Carole
_eauthor
700 1 0 _aLacroix, Alexandre
_eauthor
245 0 0 _aYves Michaud, Sylviane Agacinski, Jean-Luc Nancy, Carole Diamant. Pour qui philosophent-ilsĀ ?
260 _c2007.
500 _a27
690 _aAgacinski
690 _aCarole Diamant
690 _aJean-Luc Nancy
690 _aYves Michaud
786 0 _nPhilosophie magazine | 7 | 3 | 2007-03-01 | p. 2-4 | 1951-1787
856 4 1 _uhttps://shs.cairn.info/magazine-philosophie-magazine-2007-3-page-2?lang=fr&redirect-ssocas=7080
999 _c2036436
_d2036436